Kapitoly z európskeho holokaustu (skriptá k Všeobecným dejinám III.)

Bibliographic Details
Main Author: Jakubej, Ján, 1986- (Author)
Format: Book
Language:Slovak
PhysicalDescription:208 s. mp., plány 21 cm
Published: Nitra Univerzita Konštantína Filozofa, Filozofická fakulta 2016
ISBN:9788055810386
Subjects:

MARC

LEADER 00000cam a2200000 a 4500
001 vtls011588148
003 SK-MaSNL
005 20260301221321.0
008 240318s2016 xo be grn 000 0 slo
015 |a SNBA2016/12 
020 |a 9788055810386  |q (brož.) 
035 |a ACAFB8F0-9FCA-487B-B993-7558078428DD 
035 |a urn:nbn:sk:snk-amtiq2 
035 |a urn:nbn:sk:snk-am00c2e8 
040 |a SNK  |b slo  |c SNK  |e AACR2 
041 0 |a slo 
043 |a e------ 
044 |a xo  |c SK 
072 7 |a 323  |x Vnútropolitický vývoj, politický život  |2 konspekt 
072 7 |a 94(4)  |x Dejiny Európy  |2 konspekt 
080 |a 323.28  |2 2011 
080 |a 343.819.5  |2 2011 
080 |a 323.12"1939/1945"  |2 2011 
080 |a 94(4)  |2 2011 
080 |a (075.8)  |2 2011 
080 |a (=411.16)  |2 2011 
080 |a 341.43(=411.16)  |2 2011 
100 1 |a Jakubej, Ján,  |d 1986-  |4 aut  |9 258895 
245 1 0 |a Kapitoly z európskeho holokaustu  |b (skriptá k Všeobecným dejinám III.)  |c Ján Jakubej 
260 |a Nitra  |b Univerzita Konštantína Filozofa, Filozofická fakulta  |c 2016 
300 |a 208 s.  |b mp., plány  |c 21 cm 
504 |a Bibliogr.: s. 202-208 
648 7 |a 1933-1945  |2 SNKPH  |9 310476 
648 7 |a 20. stor.  |2 SNKPH  |9 275975 
648 7 |a 20th century  |2 SNKPHeng  |9 277995 
650 0 7 |a Židia  |x perzekúcie  |2 SNKPH  |9 67420 
650 0 7 |a deportácie Židov  |2 SNKPH  |9 4182 
650 0 7 |a koncentračné tábory  |2 SNKPH  |9 2654 
650 0 7 |a holokaust (1939-1945)  |2 SNKPH  |9 160313 
650 0 7 |a Jews  |x persecution  |2 SNKPHeng  |9 344499 
650 0 7 |a Deportation of Jews  |2 SNKPHeng  |9 327030 
650 0 7 |a Concentration camps  |2 SNKPHeng  |9 314449 
650 0 7 |a Holocaust (1939-1945)  |2 SNKPHeng  |9 164372 
651 7 |a Európa  |2 SNKPH  |9 167569 
651 7 |a Europe History  |2 SNKPHeng  |9 171722 
655 7 |a učebnice vysokých škôl  |2 SNKPH  |9 70191 
655 7 |a Textbooks (higher)  |2 SNKPHeng  |9 276436 
852 |a Štátna vedecká knižnica v Banskej Bystrici 
919 |a 978-80-558-1038-6 
958 |a ZD 
958 |a NB 
999 |c 935366  |d 937296 
952 |a SNK  |b SNK  |y PREZ  |7 0  |p 17A1218435  |o snkSC 172070  |i snk2016/26790  |8 0  |0 0  |1 0  |4 0  |d 2016-11-16  |f 1  |l 0  |r 2025-09-10 00:00:00  |w 2026-02-24 
952 |a SNK  |b SNK  |y VYP  |7 0  |p 17A1218574  |o snkSC 172070 D1  |i snk2016/27180  |8 0  |0 0  |1 0  |4 0  |d 2016-11-23  |l 0  |r 2026-02-24 09:01:38  |w 2026-02-24